RAJAQNA - kami kembali - : (Record no. 172950)

MARC details
000 -LEADER
fixed length control field 00776nam a22002417i 4500
003 - CONTROL NUMBER IDENTIFIER
control field PPAK
005 - DATE AND TIME OF LATEST TRANSACTION
control field 20190602154103.0
008 - FIXED-LENGTH DATA ELEMENTS--GENERAL INFORMATION
fixed length control field 190602s2016 my |||g |||| 00| j may d
020 ## - INTERNATIONAL STANDARD BOOK NUMBER
International Standard Book Number 9789671389362
Terms of availability RM28.00
Qualifying information paperback
040 ## - CATALOGING SOURCE
Original cataloging agency PPAK
Language of cataloging eng
Transcribing agency PPAK
Description conventions rda
082 04 - DEWEY DECIMAL CLASSIFICATION NUMBER
Edition number 23
Classification number 899.233010803
090 00 - LOCALLY ASSIGNED LC-TYPE CALL NUMBER (OCLC); LOCAL CALL NUMBER (RLIN)
Classification number (OCLC) (R) ; Classification number, CALL (RLIN) (NR) 899.233010803
Feature heading RAJ
Feature heading G
Classification number (OCLC) (R) ; Classification number, CALL (RLIN) (NR) 899.233010803
Feature heading RAJ
Feature heading KK
245 00 - TITLE STATEMENT
Title RAJAQNA - kami kembali - :
Remainder of title 40 Cerpen Jdi Novel (C2N) /
Statement of responsibility, etc. Penyelenggara / Editor : Ilhami Hisham
264 #1 - PRODUCTION, PUBLICATION, DISTRIBUTION, MANUFACTURE, AND COPYRIGHT NOTICE
Place of production, publication, distribution, manufacture Shah Alam, Selangor :
Name of producer, publisher, distributor, manufacturer IBH Khidmat,
Date of production, publication, distribution, manufacture, or copyright notice 2016
300 ## - PHYSICAL DESCRIPTION
Extent 247 pages :
Dimensions 21 cm
336 ## - CONTENT TYPE
Source rdacontent
Content type term text
337 ## - MEDIA TYPE
Source rdamedia
Media type term unmediated
338 ## - CARRIER TYPE
Source rdacarrier
Carrier type term volume
650 10 - SUBJECT ADDED ENTRY--TOPICAL TERM
Topical term or geographic name entry element Short stories, Malay
700 0# - ADDED ENTRY--PERSONAL NAME
Personal name Ilhami Hisham,
Relator term compiler.
-- editor.
942 ## - ADDED ENTRY ELEMENTS (KOHA)
Source of classification or shelving scheme Dewey Decimal Classification
Koha item type Book
Holdings
Withdrawn Not for loan Current library Shelving location Date acquired Full call number Barcode Date last seen Koha item type
    Perpustakaan Alor Setar Pinjaman Dewasa 10/06/2019 899.233010803 RAJ A01602998 10/06/2019 Book
  Not For Loan Perpustakaan Alor Setar Koleksi Kedah 10/06/2019 KK 899.233010803 RAJ A01602999 10/06/2019 Book
  Not For Loan Perpustakaan Awam Sungai Petani Koleksi Kedah 10/06/2019 KK 899.233010803 RAJ A01603000 10/06/2019 Book
  Not For Loan Perpustakaan Baling Koleksi Kedah 10/06/2019 KK 899.233010803 RAJ A01603004 10/06/2019 Book
  Not For Loan Perpustakaan Bandar Baharu Koleksi Kedah 10/06/2019 KK 899.233010803 RAJ A01603005 10/06/2019 Book
  Not For Loan Perpustakaan Kuala Nerang Koleksi Kedah 10/06/2019 KK 899.233010803 RAJ A01603009 10/06/2019 Book
  Not For Loan Perpustakaan Kulim Koleksi Kedah 10/06/2019 KK 899.233010803 RAJ A01603003 10/06/2019 Book
  Not For Loan Perpustakaan Langkawi Koleksi Kedah 10/06/2019 KK 899.233010803 RAJ A01603002 10/06/2019 Book
  Not For Loan Perpustakaan Merbok Koleksi Kedah 10/06/2019 KK 899.233010803 RAJ A01603006 10/06/2019 Book
  Not For Loan Perpustakaan Sik Koleksi Kedah 10/06/2019 KK 899.233010803 RAJ A01603008 10/06/2019 Book
  Not For Loan Perpustakaan Yan Koleksi Kedah 10/06/2019 KK 899.233010803 RAJ A01603007 10/06/2019 Book